书目信息 |
| 题名: |
生态经济学
|
|
| 作者: | 傅国华 , 许能锐 主编 | |
| 分册: | ||
| 出版信息: | 北京 经济科学出版社 2014 |
|
| 页数: | 304页 | |
| 开本: | 24cm | |
| 丛书名: | ||
| 单 册: | ||
| 中图分类: | F062.2 | |
| 科图分类: | ||
| 主题词: | 生态经济学 | |
| 电子资源: | ||
| ISBN: | 978-7-5141-4290-7 | |
| 000 | 00891nam0 2200253 450 | |
| 001 | 523 | |
| 005 | 20140908150929.67 | |
| 010 | @a978-7-5141-4290-7@dCNY48.00 | |
| 100 | @a20140505d2014 em y0chiy50 ea | |
| 101 | 0 | @achi |
| 102 | @aCN@b110000 | |
| 105 | @ay z 000yy | |
| 106 | @ar | |
| 200 | 1 | @a生态经济学@ASheng Tai Jing Ji Xue@f傅国华,许能锐主编@FFu Guo Hua, Xu Neng Rui Zhu Bian |
| 205 | @a2版 | |
| 210 | @a北京@c经济科学出版社@d2014 | |
| 215 | @a304页@d24cm | |
| 330 | @a本书分为十一章,内容包括:生态经济学的基本内容、生态经济学的理论基础、生态经济系统的基本原理、生态经济学的核算、生态补偿、循环经济、生态产业研究、低碳经济、生物多样性与可持续发展管理等。 | |
| 606 | 0 | @a生态经济学 |
| 690 | @aF062.2@v5 | |
| 701 | 0 | @a傅国华@AFu Guo Hua@f(1965~)@4主编 |
| 701 | 0 | @a许能锐@AXu Neng Rui@4主编 |
| 801 | 0 | @aCN@bTANGWEI@c20140603 |
| 905 | @b0840749-51@dF062.2@e120=2@f3 | |
| 生态经济学/傅国华,许能锐主编.-2版.-北京:经济科学出版社,2014 |
| 304页;24cm |
| ISBN 978-7-5141-4290-7:CNY48.00 |
| 本书分为十一章,内容包括:生态经济学的基本内容、生态经济学的理论基础、生态经济系统的基本原理、生态经济学的核算、生态补偿、循环经济、生态产业研究、低碳经济、生物多样性与可持续发展管理等。 |
| ● |
| 相关链接 |
|
|
|
|
正题名:生态经济学
索取号:F062.2/120=2
 
预约/预借
| 序号 | 登录号 | 条形码 | 馆藏地/架位号 | 状态 | 备注 |
| 1 | 0840749 | 208407491 | 第一样本阅览室/ [索取号:F062.2/120=2] | 在馆 | |
| 2 | 0840750 | 208407507 | 第一借阅区/ [索取号:F062.2/120=2] | 在馆 | |
| 3 | 0840751 | 208407516 | 密集书库-海洋学院/ [索取号:F062.2/120=2] | 在馆 |